Gaming Quiz

Random Gaming or Mario Quiz

Mario Kart Courses: Real or Fake? Quiz Stats

Quiz Updated Jun 6, 2013

Challenge
Share
Tweet
Embed
Score 0/28 Timer 05:00
11 Plays Today
% Correct
Mario Circuit
85.4%
Bowser Castle 2
84.8%
Rainbow Road
83%
Luigi Raceway
80.3%
Moo Moo Farm
79.7%
Daisy Circuit
78.3%
Coconut Mall
73.6%
Wario Stadium
72.9%
Choco Mountain
71.8%
DK Pass
70.7%
Mushroom Gorge
69.7%
Waluigi Stadium
68.3%
Baby Park
64.5%
Moonview Highway
62.1%
% Correct
Donut Plains 1
59.8%
Dino Dino Jungle
59.2%
Kalimari Desert
58.2%
Yoshi Desert
57.2%
Mushroom City
57%
Figure-8 Circuit
56.4%
Shy Guy Bazaar
50.7%
Piranha Plant Pipeway
48.9%
Rosalina's Ice World
44%
Vanilla Lake 1
43.3%
Shroom Ridge
40.9%
Cheese Land
37.7%
Broken Pier
36.2%
Riverside Park
32.1%

You're not logged in!

Compare scores with friends on all Sporcle quizzes.
Sign Up with Email
OR
Log In

You Might Also Like...

Show Comments

Extras

Top Quizzes Today


Score Distribution

Your Account Isn't Verified!

In order to create a playlist on Sporcle, you need to verify the email address you used during registration. Go to your Sporcle Settings to finish the process.

Report this User

Report this user for behavior that violates our Community Guidelines.

Details: